Gminy powiatu Jasielskiego - Statystyki

Ogólne statystyki
  • Ten quiz został rozwiązany 71 razy
  • Średni wynik to 6 z 9
Statystyki odpowiedzi
Gmina % Poprawnych
Jasło
91%
Kołaczyce
73%
Nowy Żmigród
70%
Dębowiec
61%
Osiek Jasielski
61%
Skołyszyn
61%
Tarnowiec
61%
Brzyska
52%
Krempna
42%
Nie znaleziono quizów pasujących do podanych kryteriów
Rozkład punktacji
Procent ludzi z każdym wynikiem
Percentyl według liczby udzielonych odpowiedzi
Twoja historia wyników
Nie rozwiązałeś tego quizu